Evaluación del uso de la incineración como solución para el tratamiento de los desechos sólidos en Costa Rica
Na minha lista:
| Autor principal: | |
|---|---|
| Formato: | Livro |
| Idioma: | Spanish |
| Publicado em: |
[San José], Costa Rica
2011
|
| Assuntos: | |
| Tags: |
Adicionar Tag
Sem tags, seja o primeiro a adicionar uma tag!
|
MARC
| LEADER | 00000nam a22000007a 4500 | ||
|---|---|---|---|
| 003 | 010694 | ||
| 005 | 20221231143930.0 | ||
| 008 | 151105b2011 cr ab||| |||| 00| 0 spa d | ||
| 040 | |c cru CEDI | ||
| 090 | |a TFG 6522 | ||
| 100 | |9 2128 |a Sáurez Barboza, Lourdes | ||
| 245 | |a Evaluación del uso de la incineración como solución para el tratamiento de los desechos sólidos en Costa Rica | ||
| 260 | |a [San José], Costa Rica |c 2011 | ||
| 500 | |a Proyecto de graduación (licenciatura en ingeniería civil)--Universidad de Costa Rica. Facultad de Ingeniería. Escuela de Ingeniería Civil | ||
| 650 | |x TRATAMIENTO DE RESIDUOS |x COSTA RICA |x RESIDUOS SOLIDOS |x INCINERACION |x EVALUACION |x INCINERADORES |x ASPECTOS ECONOMICOS |x ASPECTOS LEGALES |x BASURAS Y APROVECHAMIENTO DE BASURAS |9 2129 | ||
| 942 | |c TFG | ||
| 999 | |c 14428 |d 14428 | ||
